Statistiques concernant Mots aléatoires en allemand

Cliquez ici pour prendre le quiz!

Statistiques générales

  • Ce quiz a été pris 457 fois
  • Le résultat moyen est 20 sur 24

Statistiques - réponses

AllemandFrançais% Correct
JaOui
100%
FischPoisson
95%
TagJour
93%
WasserEau
91%
SchwarzNoir
91%
StadtVille
90%
MitAvec
89%
HausMaison
89%
HundChien
88%
NeuNouveau
88%
RotRouge
88%
LandPays
87%
WeißBlanc
86%
FrauFemme
85%
KäseFromage
82%
MädchenFille
80%
SeeLac
79%
KopfTête
77%
WocheSemaine
76%
JahreAns
71%
KriegGuerre
71%
BlumeFleur
68%
SchneckeEscargot
57%
HerzCœur
54%

Distribution des résultats

Percentile par nombre de réponses

% des personnes avec chaque résultat

Votre développement - résultats

Vous n’avez pas pris ce quiz